| 000 | 00454nam a2200169 i 4500 | ||
|---|---|---|---|
| 001 | 21015 | ||
| 003 | ES-MaACL | ||
| 005 | 20230906152413.0 | ||
| 007 | t| | ||
| 008 | 021120s1888 sp ||||1| spa d | ||
| 100 | 1 |
_aAlas, Genaro. _919154 |
|
| 245 | 1 | 3 |
_aLa movilización de 1887 en Francia / _cGenaro Alas. |
| 260 |
_aMadrid : _bRicardo Fé, _c1888. |
||
| 300 |
_a252 p. : _b2 pl. ; _c19 cm. |
||
| 852 |
_aES-MaACL _jG-7425 |
||
| 852 |
_aES-MaACL _jD-734 |
||
| 999 |
_c21015 _d21015 |
||